| 000 | 00612nam a2200205 u 4500 | ||
|---|---|---|---|
| 005 | 20240912063840.0 | ||
| 008 | 120613s2010 ag r 000 0 spa d | ||
| 020 | _a9789872532048 | ||
| 035 | _aUPN01000185020 | ||
| 049 | _aI | ||
| 050 | 4 |
_aPZ76.3 _bE3.5 |
|
| 100 | 1 |
_aEchevarrÃa, Karina, _d1972- _932365 |
|
| 245 | 1 | 0 |
_aHistorias de la laguna / _cKarina EchevarrÃa ; il. Federico Geller. |
| 260 |
_aBuenos Aires : _bAmauta, _cc2010. |
||
| 300 |
_a58 p. : _bil. |
||
| 650 | 4 |
_aCuentos infantiles argentinos _97466 |
|
| 650 | 0 |
_aAnimales _vCuentos y leyendas _9234 |
|
| 905 | _aInfantil | ||
| 999 |
_c157123 _d157123 |
||